| 000 | 00760nam a2200205 a 4500 | ||
|---|---|---|---|
| 005 | 20241022063649.0 | ||
| 008 | 021122m19812001mx r 000 0 spa d | ||
| 020 | _a9687988142 | ||
| 035 | _aUPN01000121103 | ||
| 049 | _aCG | ||
| 050 | 4 |
_aRJ504 _bT4.78 |
|
| 245 | 0 | 0 |
_aTerapia de desarrollo : _bun manual para maestras y reeducadores que se desempeñan como terapeutas de los niños pequeños con trastornos emocionales / _cMary M. Wood ... [et al.] ; tr. I. Cudich. |
| 260 |
_aMéxico : _bMédica Panamericana, _c1981 (2001 impr.). |
||
| 300 | _a420 p. | ||
| 534 |
_pTraducción de: _tDevelopmental therapy |
||
| 650 | 4 |
_aPsicoterapia infantil _915 |
|
| 650 | 0 |
_aProblemas emocionales de niños _910678 |
|
| 700 | 1 |
_aWood, Mary M., _ecoaut. |
|
| 905 | _aLibro | ||
| 999 |
_c93403 _d93403 |
||